[Event "Regionalliga Nord-West 1718"]
[Site "Bayern"]
[Date "2017.11.12"]
[Round "2.8"]
[White "Gernert, Ingolf"]
[Black "Link, Robert"]
[Result "1/2-1/2"]
[WhiteElo "1924"]
[BlackElo "1842"]
[PlyCount "83"]
[EventDate "2017.10.22"]
[EventType "team-tourn"]
[EventRounds "9"]
[EventCountry "GER"]
[SourceTitle "EXT 2022"]
[Source "ChessBase"]
[SourceDate "2021.10.06"]
[SourceVersion "1"]
[SourceVersionDate "2021.10.06"]
[SourceQuality "1"]
[WhiteTeam "Kitzingen SC"]
[BlackTeam "Klingenberg"]
[WhiteTeamCountry "GER"]
[BlackTeamCountry "GER"]

1. e4 c5 2. Nc3 e6 3. g3 d5 4. exd5 exd5 5. d4 Nf6 6. Bg5 Be6 7. Nf3 h6 8. Bf4 a6 9. Bg2 Nc6 10. 0-0 Be7 11. dxc5 Bxc5 12. Ne5 0-0 13. a3 Rc8 14. Qd3 Nd4 15. Qd2 Bf5 16. Nd3 Bb6 17. Nb4 Ne4 18. Nxe4 dxe4 19. c3 Nf3+ 20. Bxf3 Qxd2 21. Bxd2 exf3 22. Nd5 Bc5 23. Be3 Bd3 24. Rfd1 Be2 25. Bxc5 Rxc5 26. Rd2 Re8 27. h3 Bc4 28. Ne3 Be2 29. Nc2 Rce5 30. Nd4 f5 31. Kh2 g5 32. g4 fxg4 33. hxg4 Rd5 34. Re1 Kf7 35. Rg1 Re4 36. Rg3 Kg6 37. Nxf3 Rxd2 38. Nxd2 Rxg4 39. Re3 Rh4+ 40. Kg3 Rg4+ 41. Kh2 Rh4+ 42. Kg3 1/2-1/2

[Event "Regionalliga NW 1314"]
[Site "Bayern"]
[Date "2014.04.06"]
[Round "9.7"]
[White "Gernert, Ingolf"]
[Black "Baumgaertner, Frank"]
[Result "1/2-1/2"]
[WhiteElo "1907"]
[BlackElo "1761"]
[PlyCount "43"]
[EventDate "2013.10.13"]
[EventType "team-tourn"]
[EventRounds "9"]
[EventCountry "GER"]
[SourceTitle "EXT 2015"]
[Source "ChessBase"]
[SourceDate "2014.11.20"]
[SourceVersion "1"]
[SourceVersionDate "2014.11.20"]
[SourceQuality "1"]
[WhiteTeam "Kitzingen"]
[BlackTeam "Kronach"]
[WhiteTeamCountry "GER"]
[BlackTeamCountry "GER"]

1. c4 c5 2. g3 Nc6 3. Bg2 Nf6 4. Nc3 d6 5. d3 g6 6. Bg5 Bg7 7. Nd5 0-0 8. Qd2 Re8 9. h4 h5 10. Nh3 Ne5 11. 0-0 Rb8 12. Rac1 Bd7 13. Rfd1 b6 14. f3 Kh7 15. Nf2 Be6 16. Nf4 Bd7 17. Bxf6 Bxf6 18. Ne4 Bg7 19. e3 Kg8 20. Kf2 Bf5 21. b3 Qc8 22. Rh1 1/2-1/2

[Event "Regionalliga NW 1314"]
[Site "Bayern"]
[Date "2013.11.24"]
[Round "3.5"]
[White "Nuernberger, Stefan"]
[Black "Gernert, Ingolf"]
[Result "1-0"]
[WhiteElo "2032"]
[BlackElo "1907"]
[PlyCount "143"]
[EventDate "2013.10.13"]
[EventType "team-tourn"]
[EventRounds "9"]
[EventCountry "GER"]
[SourceTitle "EXT 2015"]
[Source "ChessBase"]
[SourceDate "2014.11.20"]
[SourceVersion "1"]
[SourceVersionDate "2014.11.20"]
[SourceQuality "1"]
[WhiteTeam "Marktleuthen"]
[BlackTeam "Kitzingen"]
[WhiteTeamCountry "GER"]
[BlackTeamCountry "GER"]

1. d4 d5 2. Nf3 Nf6 3. e3 g6 4. Bd3 Bg7 5. 0-0 0-0 6. b3 Ne4 7. Bb2 c5 8. c4 e6 9. Qc2 Nc6 10. a3 cxd4 11. exd4 f5 12. Nbd2 Nxd2 13. Qxd2 dxc4 14. Bxc4 Na5 15. Qe2 Qb6 16. Rfe1 Nxc4 17. bxc4 Bd7 18. c5 Qb3 19. Rab1 Qd5 20. Ne5 Bxe5 21. Qxe5 Qxe5 22. Rxe5 Rfe8 23. Bc3 Bc6 24. f3 Kf7 25. Ba5 Re7 26. Kf2 Rd7 27. Ke3 Rc8 28. Kd3 Bd5 29. Ke3 Rc6 30. Bc3 Ra6 31. Bb2 Ra4 32. Rc1 Rc7 33. Kd3 Rc6 34. Ree1 Rca6 35. Rc3 R6a5 36. h4 Rb5 37. Bc1 Rb1 38. Re2 Ke7 39. Rb2 Ra1 40. Rf2 Kd7 41. g4 Rb1 42. h5 Kc6 43. hxg6 hxg6 44. g5 Rb3 45. Rxb3 Bxb3 46. Rh2 Kd5 47. Bb2 e5 48. dxe5 Kxc5 49. Rh7 b5 50. Rc7+ Kd5 51. Rd7+ Ke6 52. Rd6+ Ke7 53. Rxg6 Bc4+ 54. Kd2 Be6 55. Rg7+ Kf8 56. Rc7 a5 57. g6 b4 58. axb4 axb4 59. g7+ Kg8 60. Re7 Ra6 61. Ke3 Bf7 62. Kf4 Re6 63. Rb7 Kxg7 64. Kxf5 Kf8 65. Rxb4 Rc6 66. Rb8+ Ke7 67. Ba3+ Kd7 68. Rb7+ Rc7 69. Rxc7+ Kxc7 70. e6 Be8 71. Kf6 Bc6 72. f4 1-0

[Event "Landesliga Nord 1213"]
[Site "Bayern"]
[Date "2013.01.13"]
[Round "5.5"]
[White "Gernert, Ingolf"]
[Black "Gerl, Hans Peter"]
[Result "0-1"]
[WhiteElo "1902"]
[BlackElo "1930"]
[PlyCount "94"]
[EventDate "2012.10.14"]
[EventType "team-tourn"]
[EventRounds "9"]
[EventCountry "GER"]
[SourceTitle "EXT 2015"]
[Source "ChessBase"]
[SourceDate "2014.11.20"]
[SourceVersion "1"]
[SourceVersionDate "2014.11.20"]
[SourceQuality "1"]
[WhiteTeam "Kitzingen"]
[BlackTeam "Zirndorf"]
[WhiteTeamCountry "GER"]
[BlackTeamCountry "GER"]

1. e4 c5 2. Nc3 Nc6 3. g3 d6 4. Bg2 Nf6 5. d3 e6 6. f4 Be7 7. Nce2 Qc7 8. c3 0-0 9. Bd2 Rb8 10. Qc2 b5 11. Nf3 Bb7 12. h3 Rfc8 13. 0-0 a5 14. g4 h6 15. g5 hxg5 16. Nxg5 e5 17. c4 bxc4 18. dxc4 Nd4 19. Nxd4 cxd4 20. b3 Rf8 21. Qd3 Nd7 22. Qg3 Bxg5 23. fxg5 g6 24. Qh4 Nc5 25. Rf6 Ne6 26. Raf1 Ng7 27. Qe1 Ra8 28. Bf3 a4 29. Bb4 Ne8 30. Bg4 d3 31. Rxf7 Rxf7 32. Be6 Qb6+ 33. Kh2 Nc7 34. Bxf7+ Kg7 35. Rf6 axb3 36. axb3 Ra2+ 37. Kg3 Re2 38. Rxg6+ Kxf7 39. Qf1+ Rf2 40. Rf6+ Rxf6 41. Qxf6+ Ke8 42. Bxd6 Qe3+ 43. Kh4 Qxe4+ 44. Kh5 Qh7+ 45. Qh6 Bf3+ 46. Kh4 Qe4+ 47. Kg3 Qf4+ 0-1

[Event "Landesliga Nord 1213"]
[Site "Bayern"]
[Date "2012.12.09"]
[Round "4.8"]
[White "Gernert, Ingolf"]
[Black "Mikuta, Alexander"]
[Result "1/2-1/2"]
[WhiteElo "1902"]
[BlackElo "1943"]
[PlyCount "94"]
[EventDate "2012.10.14"]
[EventType "team-tourn"]
[EventRounds "9"]
[EventCountry "GER"]
[SourceTitle "EXT 2015"]
[Source "ChessBase"]
[SourceDate "2014.11.20"]
[SourceVersion "1"]
[SourceVersionDate "2014.11.20"]
[SourceQuality "1"]
[WhiteTeam "Kitzingen"]
[BlackTeam "Bamberg"]
[WhiteTeamCountry "GER"]
[BlackTeamCountry "GER"]

1. e4 e6 2. d4 d5 3. e5 c5 4. c3 Nc6 5. Nf3 Qb6 6. Be2 Bd7 7. 0-0 Be7 8. dxc5 Bxc5 9. b4 Bf8 10. b5 Nd8 11. Nd4 Qc7 12. f4 Bc5 13. Kh1 Ne7 14. a4 b6 15. Rf3 Nb7 16. Nb3 g6 17. Na3 h5 18. Rh3 0-0-0 19. Nc2 Nf5 20. Nb4 Be8 21. Na6 Qe7 22. Naxc5 Nxc5 23. Ba3 Qc7 24. Nxc5 bxc5 25. g4 Ne7 26. Qg1 d4 27. cxd4 Nd5 28. Rc1 Qb7 29. gxh5 Nxf4+ 30. Bf3 Rd5 31. Rxc5+ Kb8 32. Rxd5 exd5 33. Bd6+ Ka8 34. Rh4 Nxh5 35. Qg2 Bc6 36. Qa2 Qc8 37. Kg1 Bb7 38. Bxd5 Qc1+ 39. Kf2 Rc8 40. Bxb7+ Kxb7 41. Qd5+ Kb6 42. a5+ Kxa5 43. b6+ Kxb6 44. Qb3+ Ka6 45. Qa2+ Kb5 46. Qb3+ Ka6 47. Qa2+ Kb5 1/2-1/2

[Event "Landesliga Nord 1213"]
[Site "Bayern"]
[Date "2012.11.11"]
[Round "2.8"]
[White "Gernert, Ingolf"]
[Black "Arnold, Sebastian"]
[Result "0-1"]
[WhiteElo "1902"]
[BlackElo "1804"]
[PlyCount "148"]
[EventDate "2012.10.14"]
[EventType "team-tourn"]
[EventRounds "9"]
[EventCountry "GER"]
[SourceTitle "EXT 2015"]
[Source "ChessBase"]
[SourceDate "2014.11.20"]
[SourceVersion "1"]
[SourceVersionDate "2014.11.20"]
[SourceQuality "1"]
[WhiteTeam "Kitzingen"]
[BlackTeam "Kelheim"]
[WhiteTeamCountry "GER"]
[BlackTeamCountry "GER"]

1. e4 c5 2. Nc3 Nc6 3. g3 g6 4. Bg2 Bg7 5. d3 e6 6. Nh3 Nge7 7. 0-0 d6 8. f4 0-0 9. Nf2 Nd4 10. Ne2 Rb8 11. c3 Nxe2+ 12. Qxe2 d5 13. e5 b6 14. d4 cxd4 15. cxd4 Bb7 16. Bd2 Nc6 17. Qd3 Qd7 18. Rfd1 Rfc8 19. Bf1 Qe7 20. a3 Rc7 21. Ng4 Rbc8 22. Ne3 Bf8 23. Be1 Qd7 24. g4 Bh6 25. g5 Bg7 26. h4 Ne7 27. Bh3 Nf5 28. Bxf5 exf5 29. Bb4 Bf8 30. Bxf8 Kxf8 31. Kf2 Qa4 32. Kg3 Kg8 33. Qd2 Qb3 34. Rac1 Kf8 35. Kf2 Ke7 36. Rxc7+ Rxc7 37. Rc1 Kd7 38. Rxc7+ Kxc7 39. Qc1+ Kd7 40. h5 Qd3 41. hxg6 hxg6 42. Qd1 Qe4 43. Ng2 Bc6 44. a4 a5 45. b3 Bb7 46. Qd2 Ba6 47. Kg3 Bf1 48. Ne1 Qb1 49. Kf2 Ba6 50. Qc3 Qd1 51. Qe3 Qh5 52. Nf3 Qh3 53. Qe1 Bd3 54. Ke3 Bc2 55. Qc3 Bd1 56. Kf2 Bxf3 57. Qxf3 Qh2+ 58. Ke3 Qc2 59. Qe2 Qxb3+ 60. Kf2 Qxa4 61. Qa6 Qc2+ 62. Kg3 Qc3+ 63. Kh4 Qxd4 64. Qb7+ Ke8 65. Qc8+ Ke7 66. Qc7+ Kf8 67. Qd8+ Kg7 68. Qf6+ Kg8 69. Qd8+ Kh7 70. Qf6 Qxf4+ 71. Kh3 Qe3+ 72. Kh2 Qd2+ 73. Kh1 Qc1+ 74. Kg2 Qc7 0-1

[Event "Regionalliga NW 1112"]
[Site "Bayern"]
[Date "2012.04.15"]
[Round "9.8"]
[White "Gernert, Ingolf"]
[Black "Bizzell, Brandon"]
[Result "0-1"]
[WhiteElo "1961"]
[BlackElo "1967"]
[PlyCount "94"]
[EventDate "2011.10.02"]
[EventType "team-tourn"]
[EventRounds "9"]
[EventCountry "GER"]
[SourceTitle "EXT 2015"]
[Source "ChessBase"]
[SourceDate "2014.11.20"]
[SourceVersion "1"]
[SourceVersionDate "2014.11.20"]
[SourceQuality "1"]
[WhiteTeam "Kitzingen"]
[BlackTeam "Bamberg"]
[WhiteTeamCountry "GER"]
[BlackTeamCountry "GER"]

1. e4 d5 2. exd5 Qxd5 3. Nc3 Qa5 4. Nf3 Nf6 5. Bc4 Bf5 6. d3 Nbd7 7. Bd2 c6 8. b4 Qc7 9. h3 e6 10. Ne2 Bd6 11. Ned4 Bg6 12. Bxe6 fxe6 13. Nxe6 Qc8 14. 0-0 Kf7 15. Neg5+ Kg8 16. Qb1 Ne5 17. Nxe5 Bxe5 18. Qb3+ Nd5 19. Rae1 Bf6 20. f4 h6 21. Ne4 Bd4+ 22. Kh2 Qd7 23. c3 Bb6 24. c4 Ne7 25. a4 Kh7 26. c5 Bc7 27. Qb2 Rhf8 28. Rf3 Nd5 29. g3 Rad8 30. Rf2 Ne7 31. Bc3 Nf5 32. Rf3 Nd4 33. Rf2 Bf5 34. Re3 Qd5 35. b5 Bc8 36. b6 axb6 37. cxb6 Bb8 38. Rf1 Qd7 39. Nf2 Rxf4 40. gxf4 Bxf4+ 41. Rg3 Nf5 42. Rfg1 Nxg3 43. Rxg3 Qd6 44. Ne4 Qxd3 45. Be1 Bxg3+ 46. Nxg3 Rd4 47. Nh5 Qxh3+ 0-1

[Event "Regionalliga NW 1011"]
[Site "Bayern"]
[Date "2011.02.06"]
[Round "6.7"]
[White "Gernert, Ingolf"]
[Black "Becker, Alexander1"]
[Result "1/2-1/2"]
[WhiteElo "2022"]
[BlackElo "1933"]
[PlyCount "34"]
[EventDate "2010.10.10"]
[EventType "team-tourn"]
[EventRounds "9"]
[EventCountry "GER"]
[SourceTitle "EXT 2012"]
[Source "ChessBase"]
[SourceDate "2011.11.24"]
[SourceVersion "1"]
[SourceVersionDate "2011.11.24"]
[SourceQuality "1"]
[WhiteTeam "Kitzingen"]
[BlackTeam "Kronach"]
[WhiteTeamCountry "GER"]
[BlackTeamCountry "GER"]

1. e4 c5 2. Nc3 Nc6 3. g3 g6 4. Bg2 Bg7 5. d3 d6 6. Nh3 e6 7. f4 Nge7 8. 0-0 0-0 9. Ng5 Rb8 10. Ne2 b6 11. c3 h6 12. Nf3 f5 13. Nh4 Kh7 14. Re1 Qd7 15. Kh1 Bb7 16. Qc2 Rbc8 17. Be3 d5 1/2-1/2

[Event "Regionalliga NW 1011"]
[Site "Bayern"]
[Date "2010.12.12"]
[Round "4.6"]
[White "Kuespert, Helmut"]
[Black "Gernert, Ingolf"]
[Result "0-1"]
[WhiteElo "1830"]
[BlackElo "2022"]
[PlyCount "102"]
[EventDate "2010.10.10"]
[EventType "team-tourn"]
[EventRounds "9"]
[EventCountry "GER"]
[SourceTitle "EXT 2012"]
[Source "ChessBase"]
[SourceDate "2011.11.24"]
[SourceVersion "1"]
[SourceVersionDate "2011.11.24"]
[SourceQuality "1"]
[WhiteTeam "Marktleuthen"]
[BlackTeam "Kitzingen"]
[WhiteTeamCountry "GER"]
[BlackTeamCountry "GER"]

1. e4 e5 2. Bc4 Nf6 3. d4 Nc6 4. Nf3 exd4 5. 0-0 Be7 6. e5 Ne4 7. Bd5 Nc5 8. Nxd4 Nxd4 9. Qxd4 c6 10. Bc4 b5 11. Be2 Ne6 12. Qe4 Rb8 13. f4 Bb7 14. f5 c5 15. Qg4 h5 16. Qh3 Nd4 17. Bd1 Bg5 18. Bxg5 Qxg5 19. c3 Nc6 20. e6 f6 21. exd7+ Kxd7 22. Bf3 Kc7 23. Na3 a6 24. Rfe1 Rbd8 25. Rad1 Ne5 26. Bxb7 Kxb7 27. Nb1 Rhe8 28. Rxd8 Rxd8 29. Qg3 Qxg3 30. hxg3 Rd5 31. Kh2 Nc6 32. Kh3 Rxf5 33. g4 hxg4+ 34. Kxg4 Rf2 35. Kg3 Rxb2 36. a3 Ne5 37. Rd1 Re2 38. Rd5 Kc6 39. Rd8 Nc4 40. Kf3 Re1 41. Nd2 Rd1 42. Rc8+ Kb7 43. Rg8 Rxd2 44. Rxg7+ Kb6 45. g4 Ka5 46. g5 fxg5 47. Rxg5 Rd3+ 48. Ke2 Rxc3 49. Rxc5 Rxa3 50. Kd1 Kb4 51. Rc8 Rc3 0-1

[Event "Landesliga Nord 0910"]
[Site "Bayern"]
[Date "2010.03.21"]
[Round "8.6"]
[White "Muehlbauer, Gerhard"]
[Black "Gernert, Ingolf"]
[Result "1-0"]
[WhiteElo "1967"]
[BlackElo "2022"]
[PlyCount "83"]
[EventDate "2009.10.18"]
[EventType "team-tourn"]
[EventRounds "9"]
[EventCountry "GER"]
[SourceTitle "EXT 2011"]
[Source "ChessBase"]
[SourceDate "2010.11.26"]
[SourceVersion "1"]
[SourceVersionDate "2010.11.26"]
[SourceQuality "1"]
[WhiteTeam "Koetzting"]
[BlackTeam "Kitzingen"]
[WhiteTeamCountry "GER"]
[BlackTeamCountry "GER"]

1. e4 e6 2. d4 d5 3. Nc3 Bb4 4. e5 Ne7 5. a3 Bxc3+ 6. bxc3 Bd7 7. Rb1 b6 8. Bg5 h6 9. Qh5 c5 10. Qh4 Nbc6 11. Nf3 Qc7 12. Bd3 c4 13. Bxe7 Nxe7 14. Be2 Ba4 15. Kd2 Nc6 16. Qg3 Rg8 17. Rhe1 0-0-0 18. h4 g5 19. h5 Rdf8 20. Nh2 f5 21. exf6 Qh7 22. Bd1 Rxf6 23. Ng4 Rf4 24. Rxe6 Rgf8 25. Rc1 Qf7 26. Rxh6 Qe7 27. Bf3 Qxa3 28. Rxc6+ Bxc6 29. Ne5 Bb7 30. Qxg5 Qd6 31. Ng6 a5 32. Nxf4 Rxf4 33. h6 Rxd4+ 34. cxd4 c3+ 35. Kd1 Qh2 36. Qg4+ Kd8 37. Qg8+ Ke7 38. Qg7+ Ke8 39. Qg6+ Ke7 40. Qg5+ Kd7 41. Ke2 Ba6+ 42. Ke3 1-0

[Event "Landesliga Nord 0910"]
[Site "Bayern"]
[Date "2010.02.28"]
[Round "7.7"]
[White "Mikuta, Alexander"]
[Black "Gernert, Ingolf"]
[Result "0-1"]
[WhiteElo "1978"]
[BlackElo "2022"]
[PlyCount "64"]
[EventDate "2009.10.18"]
[EventType "team-tourn"]
[EventRounds "9"]
[EventCountry "GER"]
[SourceTitle "EXT 2011"]
[Source "ChessBase"]
[SourceDate "2010.11.26"]
[SourceVersion "1"]
[SourceVersionDate "2010.11.26"]
[SourceQuality "1"]
[WhiteTeam "Bamberg"]
[BlackTeam "Kitzingen"]
[WhiteTeamCountry "GER"]
[BlackTeamCountry "GER"]

1. e4 e6 2. d3 c5 3. Nd2 Nc6 4. Ngf3 g6 5. g3 Bg7 6. Bg2 Nge7 7. 0-0 d6 8. Qe2 0-0 9. Re1 Bd7 10. Nf1 Qc7 11. h4 h6 12. c3 Ne5 13. Ne3 f5 14. Nh2 fxe4 15. dxe4 c4 16. f4 Nd3 17. Rf1 b5 18. f5 gxf5 19. exf5 Rae8 20. f6 Bxf6 21. Nhg4 Nxc1 22. Nxh6+ Kh7 23. Be4+ Kxh6 24. Ng4+ Kg7 25. Raxc1 Nf5 26. Qd2 d5 27. Bxf5 Qxg3+ 28. Kh1 Qxh4+ 29. Nh2 exf5 30. Rf4 Qh6 31. Rg1+ Kf7 32. Qf2 d4 0-1

[Event "Landesliga Nord 0910"]
[Site "Bayern"]
[Date "2009.11.15"]
[Round "2.6"]
[White "Dirmeier, Matthias"]
[Black "Gernert, Ingolf"]
[Result "1-0"]
[WhiteElo "1956"]
[BlackElo "2022"]
[PlyCount "49"]
[EventDate "2009.10.18"]
[EventType "team-tourn"]
[EventRounds "9"]
[EventCountry "GER"]
[SourceTitle "EXT 2011"]
[Source "ChessBase"]
[SourceDate "2010.11.26"]
[SourceVersion "1"]
[SourceVersionDate "2010.11.26"]
[SourceQuality "1"]
[WhiteTeam "Schwandorf"]
[BlackTeam "Kitzingen"]
[WhiteTeamCountry "GER"]
[BlackTeamCountry "GER"]

1. e4 e5 2. Nf3 Nf6 3. Nxe5 d6 4. Nf3 Nxe4 5. d4 d5 6. Bd3 Be7 7. 0-0 Bf5 8. Re1 0-0 9. c4 c6 10. Qb3 dxc4 11. Bxc4 Nd6 12. Bd3 Bxd3 13. Qxd3 Na6 14. a3 Nc7 15. Nc3 Bf6 16. Bf4 Ndb5 17. Ne4 Bxd4 18. Bxc7 Bxf2+ 19. Nxf2 Qxd3 20. Nxd3 Nxc7 21. Re7 Rfc8 22. Rae1 b6 23. Rd7 Nd5 24. Nfe5 f6 25. Nxc6 1-0

[Event "Regionalliga NW 0809"]
[Site "Bayern"]
[Date "2009.01.18"]
[Round "5.7"]
[White "Gernert, Ingolf"]
[Black "Zoeller, Bernd"]
[Result "1-0"]
[WhiteElo "1971"]
[BlackElo "1904"]
[PlyCount "73"]
[EventDate "2008.10.05"]
[EventType "team-tourn"]
[EventRounds "9"]
[EventCountry "GER"]
[SourceTitle "EXT 2020"]
[Source "ChessBase"]
[SourceDate "2019.10.17"]
[SourceVersion "1"]
[SourceVersionDate "2019.10.17"]
[SourceQuality "1"]
[WhiteTeam "Kitzingen"]
[BlackTeam "Klingenberg"]
[WhiteTeamCountry "GER"]
[BlackTeamCountry "GER"]

1. c4 e5 2. g3 Nf6 3. Bg2 Be7 4. Nc3 d6 5. e3 0-0 6. Nge2 c6 7. 0-0 Be6 8. b3 Qc8 9. Ba3 Bh3 10. f4 Bxg2 11. Kxg2 Qc7 12. Bb2 Nbd7 13. h3 b5 14. d3 b4 15. Na4 e4 16. Nd4 Rfe8 17. Nf5 Bf8 18. d4 d5 19. g4 g6 20. Ng3 h6 21. Rc1 Qd6 22. Rc2 Bg7 23. Qe1 Rab8 24. c5 Qe7 25. Kh2 Nh7 26. Rg2 Qh4 27. Qe2 Ndf6 28. Rh1 a5 29. Nb6 Rbd8 30. Bc1 Nd7 31. Nxd7 Rxd7 32. Qa6 Nf6 33. Kg1 h5 34. g5 Nh7 35. Bd2 Bf8 36. Be1 Be7 37. Bf2 1-0

[Event "Regionalliga NW 0809"]
[Site "Bayern"]
[Date "2008.10.05"]
[Round "1.7"]
[White "Gernert, Ingolf"]
[Black "Weinberg, Wladimir"]
[Result "1-0"]
[WhiteElo "1971"]
[BlackElo "1923"]
[PlyCount "53"]
[EventDate "2008.10.05"]
[EventType "team-tourn"]
[EventRounds "9"]
[EventCountry "GER"]
[SourceTitle "EXT 2020"]
[Source "ChessBase"]
[SourceDate "2019.10.17"]
[SourceVersion "1"]
[SourceVersionDate "2019.10.17"]
[SourceQuality "1"]
[WhiteTeam "Kitzingen"]
[BlackTeam "Bamberg SC II"]
[WhiteTeamCountry "GER"]
[BlackTeamCountry "GER"]

1. c4 Nf6 2. Nc3 g6 3. g3 Bg7 4. Bg2 0-0 5. d4 d6 6. Bf4 Nbd7 7. Nf3 c6 8. Qd2 Qa5 9. a3 e5 10. b4 Qc7 11. dxe5 dxe5 12. Bh6 Re8 13. Bxg7 Kxg7 14. e3 Nf8 15. h3 Be6 16. Qe2 a5 17. 0-0 axb4 18. axb4 Qb6 19. Rab1 Ra3 20. Rfc1 Qc7 21. Qb2 Rea8 22. Nd5 Nxd5 23. cxd5 Bxd5 24. Nxe5 f6 25. Ng4 Qf7 26. Bxd5 cxd5 27. Rc7 1-0

[Event "Regionalliga NW 0708"]
[Site "Bayern"]
[Date "2008.04.20"]
[Round "9.6"]
[White "Ersoez, Can Hakki"]
[Black "Gernert, Ingolf"]
[Result "0-1"]
[WhiteElo "1867"]
[BlackElo "1955"]
[PlyCount "52"]
[EventDate "2007.10.21"]
[EventType "team-tourn"]
[EventRounds "9"]
[EventCountry "GER"]
[SourceTitle "EXT 2009"]
[Source "ChessBase"]
[SourceDate "2008.11.26"]
[SourceVersion "1"]
[SourceVersionDate "2008.11.26"]
[SourceQuality "1"]
[WhiteTeam "Wuerzburg II"]
[BlackTeam "Kitzingen"]
[WhiteTeamCountry "GER"]
[BlackTeamCountry "GER"]

1. e4 c5 2. Nf3 d6 3. Bb5+ Bd7 4. Bxd7+ Nxd7 5. 0-0 e6 6. c4 a6 7. Nc3 Qc7 8. d4 cxd4 9. Qxd4 Ne5 10. b3 Be7 11. Bb2 Nxf3+ 12. gxf3 Bf6 13. Qd2 Ne7 14. Rac1 Rd8 15. f4 Qc6 16. Rfe1 h5 17. Nd5 exd5 18. Bxf6 gxf6 19. exd5 Qd7 20. Rc3 Kf8 21. Qd4 Rh6 22. Kh1 Nf5 23. Qd3 Re8 24. Rg1 Rg6 25. Rcc1 Kg7 26. Qf3 Nd4 0-1

[Event "Regionalliga NW 0708"]
[Site "Bayern"]
[Date "2008.04.06"]
[Round "8.6"]
[White "Gernert, Ingolf"]
[Black "Link, Klaus"]
[Result "1-0"]
[WhiteElo "1955"]
[BlackElo "1966"]
[PlyCount "89"]
[EventDate "2007.10.21"]
[EventType "team-tourn"]
[EventRounds "9"]
[EventCountry "GER"]
[SourceTitle "EXT 2009"]
[Source "ChessBase"]
[SourceDate "2008.11.26"]
[SourceVersion "1"]
[SourceVersionDate "2008.11.26"]
[SourceQuality "1"]
[WhiteTeam "Kitzingen"]
[BlackTeam "Klingenberg"]
[WhiteTeamCountry "GER"]
[BlackTeamCountry "GER"]

1. c4 e5 2. Nc3 Nf6 3. g3 d5 4. cxd5 Nxd5 5. Bg2 Nb6 6. d3 Be7 7. Be3 c6 8. Nf3 N8d7 9. Qb3 0-0 10. a4 Nc5 11. Qc2 Nbd7 12. d4 exd4 13. Nxd4 Bg5 14. f4 Bf6 15. Rd1 Qa5 16. 0-0 Nb6 17. b3 Re8 18. Ne4 Nxe4 19. Bxe4 Qh5 20. Bc1 Bg4 21. Bf3 Rad8 22. Bxg4 Qxg4 23. Nf3 Nd5 24. e4 Nb4 25. Qe2 h5 26. Kf2 h4 27. Qc4 a5 28. Be3 Rxd1 29. Rxd1 Na2 30. Rd2 Nc3 31. e5 Nd5 32. Rxd5 cxd5 33. Qb5 hxg3+ 34. hxg3 Qc8 35. exf6 Qc2+ 36. Bd2 Re6 37. Qxd5 gxf6 38. g4 Qd1 39. Qd8+ Kg7 40. Qd3 Rc6 41. g5 b6 42. gxf6+ Rxf6 43. Qd4 Qxb3 44. Bc3 Qc2+ 45. Nd2 1-0

[Event "Regionalliga NW 0708"]
[Site "Bayern"]
[Date "2008.01.20"]
[Round "5.5"]
[White "Gernert, Ingolf"]
[Black "Hasenstab, Armin"]
[Result "0-1"]
[WhiteElo "1955"]
[BlackElo "1960"]
[PlyCount "130"]
[EventDate "2007.10.21"]
[EventType "team-tourn"]
[EventRounds "9"]
[EventCountry "GER"]
[SourceTitle "EXT 2009"]
[Source "ChessBase"]
[SourceDate "2008.11.26"]
[SourceVersion "1"]
[SourceVersionDate "2008.11.26"]
[SourceQuality "1"]
[WhiteTeam "Kitzingen"]
[BlackTeam "Schweinheim"]
[WhiteTeamCountry "GER"]
[BlackTeamCountry "GER"]

1. Nf3 d5 2. c4 e6 3. g3 Nf6 4. Bg2 c6 5. b3 Bd6 6. Bb2 Nbd7 7. d4 0-0 8. Nbd2 Qe7 9. 0-0 Re8 10. Re1 e5 11. cxd5 cxd5 12. dxe5 Nxe5 13. Nxe5 Bxe5 14. Bxe5 Qxe5 15. Nf3 Qb2 16. e3 Bg4 17. Re2 Qa3 18. h3 Bh5 19. Rd2 Rac8 20. Qe1 Rc5 21. Rad1 h6 22. Kh2 Rec8 23. g4 Bg6 24. Ne5 Bc2 25. Ra1 Be4 26. f3 Rc1 27. Rxc1 Rxc1 28. Qg3 Rc2 29. Rxc2 Bxc2 30. Nxf7 Qxa2 31. g5 Nh5 32. Qc7 Qxb3 33. Ne5 d4 34. g6 Bxg6 35. Nxg6 Qxe3 36. Qd8+ Kf7 37. Nh8+ Ke6 38. Qe8+ Kd6 39. Qb8+ Kc5 40. Qxa7+ b6 41. Qc7+ Kb5 42. Qd7+ Kb4 43. Qd6+ Ka4 44. Qc6+ b5 45. Qa6+ Kb4 46. Qd6+ Ka4 47. Qa6+ Kb4 48. Qd6+ Ka5 49. Qc7+ Ka4 50. Qc2+ Ka3 51. Ng6 b4 52. Qc5 Nf4 53. Ne5 Qc3 54. Qa7+ Kb2 55. Bf1 Kc1 56. Kg3 g5 57. Qa5 h5 58. Kh2 b3 59. Qd8 b2 60. Qxg5 Qd2+ 61. Kh1 b1Q 62. Nc4 Qbc2 63. Nxd2 Qxd2 64. Qc5+ Qc3 65. Qe5 Qxf3+ 0-1

[Event "Regionalliga NW 0607"]
[Site "Bayern"]
[Date "2007.03.18"]
[Round "7.5"]
[White "Gernert, Ingolf"]
[Black "Vogt, Thomas"]
[Result "1/2-1/2"]
[WhiteElo "2000"]
[BlackElo "1939"]
[PlyCount "78"]
[EventDate "2006.10.15"]
[EventType "team-tourn"]
[EventRounds "9"]
[EventCountry "GER"]
[SourceTitle "EXT 2008"]
[Source "ChessBase"]
[SourceDate "2007.11.25"]
[SourceVersion "1"]
[SourceVersionDate "2007.11.25"]
[SourceQuality "1"]
[WhiteTeam "Kitzingen"]
[BlackTeam "Wuerzburg II"]
[WhiteTeamCountry "GER"]
[BlackTeamCountry "GER"]

1. Nf3 Nf6 2. c4 c5 3. Nc3 Nc6 4. e3 e6 5. d4 cxd4 6. exd4 d5 7. Bf4 dxc4 8. Bxc4 a6 9. 0-0 Be7 10. Rc1 0-0 11. a3 Bd7 12. Ba2 b5 13. Ne5 Rc8 14. Qd3 b4 15. Ne4 Nxe5 16. Nxf6+ Bxf6 17. dxe5 Bg5 18. Rxc8 Bxc8 19. Qxd8 Bxd8 20. axb4 Be7 21. Bd2 Rd8 22. Bc3 Bb7 23. f4 Kf8 24. Bb3 Bc6 25. Bc4 Rb8 26. Bxa6 Bxb4 27. Rc1 Bd5 28. Bd4 Be7 29. g3 g6 30. Kf2 Ke8 31. Be2 Kd7 32. Bf3 Rb4 33. Bc3 Rb5 34. Be2 Rb7 35. Rd1 Ke8 36. Ra1 Kd7 37. Rd1 Ke8 38. Ra1 Kd7 39. Rd1 Ke8 1/2-1/2